Nơi trú ngụ không có trong bản đồ : Tập truyện ngắn các tác giả đoạt giải văn học tuổi 20 lần II

Đã lưu trong:
Bibliografiske detaljer
Hovedforfatter: Nguyễn, Thị Thanh Bình
Format: Bog
Sprog:Undetermined
Udgivet: Thành phố Hồ Chí Minh Trẻ 2014
Fag:
Tags: Tilføj Tag
Ingen Tags, Vær først til at tagge denne postø!
Thư viện lưu trữ: Trung tâm Học liệu Trường Đại học Cần Thơ
LEADER 00734nam a2200205Ia 4500
001 CTU_207804
008 210402s9999 xx 000 0 und d
020 |c 105000 
082 |a 895.92234 
082 |b B312 
100 |a Nguyễn, Thị Thanh Bình 
245 0 |a Nơi trú ngụ không có trong bản đồ : 
245 0 |b Tập truyện ngắn các tác giả đoạt giải văn học tuổi 20 lần II 
245 0 |c Nguyễn Thị Thanh Bình, Tịnh Thuỷ 
260 |a Thành phố Hồ Chí Minh 
260 |b Trẻ 
260 |c 2014 
650 |a Truyện ngắn Việt Nam,Short stories, Vietnamese 
904 |i Hải 
980 |a Trung tâm Học liệu Trường Đại học Cần Thơ